| 000 | 00386 a2200121 4500 | ||
|---|---|---|---|
| 001 | ART_13770 | ||
| 005 | 20260410161911.0 | ||
| 008 | 260409a | ||
| 245 | 1 | 0 | _aInflation and relative-price variability in the open economy |
| 100 | 1 | _aBlejer, Mario I. | |
| 700 | 1 | _aLeiderman, Leonardo | |
| 773 | 0 |
_tEuropean economic review _g- Vol. 18, NÂș 3 (jul. 1982) _wREV13346 |
|
| 999 |
_c26814 _d26814 |
||